000 00700nam a2200265 a 4500
005 20140310183159.0
008 021016s19uu xx 00 eng d
020 _a9789814095761
050 _aRT 41
_b.L87 2002
245 _aMedical-surgical nursing :
_bclinical management for positive outcomes /
_cJoyce M. Black
250 _a6th ed.
260 _aPhilippines :
_bHarcourt Asia Pte Ltd,
_c2002.
300 _a1057 p. :
_c26 cm.
521 _aNUR
650 _aNursing
650 _aSurgical nursing
650 _aPsychophysiology
942 _cBK
_2lcc
_kFOR
999 _c19824
_d19824